ITI TREATMENT GUIDE:LOADING PROTOCOLS IN IMPLANT DENTISTRY PARTIALLY DENTATE PATIENTS. (Record no. 9940)

MARC details
000 -LEADER
fixed length control field 00382nam a22001457a 4500
020 ## - INTERNATIONAL STANDARD BOOK NUMBER
International Standard Book Number 978-3-938947-12-8
082 ## - DEWEY DECIMAL CLASSIFICATION NUMBER
Classification number 617.672,I08M
100 ## - MAIN ENTRY--PERSONAL NAME
Personal name MORTAN,D
245 ## - TITLE STATEMENT
Title ITI TREATMENT GUIDE:LOADING PROTOCOLS IN IMPLANT DENTISTRY PARTIALLY DENTATE PATIENTS.
250 ## - EDITION STATEMENT
Edition statement 1ST
260 ## - PUBLICATION, DISTRIBUTION, ETC. (IMPRINT)
Place of publication, distribution, etc BERLIN
Name of publisher, distributor, etc QUINTESSENCE
Year of Publication 2008
300 ## - PAGE DESCRIPTION
No. of Pages 168
650 ## - SUBJECT ADDED ENTRY--TOPICAL TERM
Topical term or geographic name as entry element PROSTHODONTICS
942 ## - ADDED ENTRY ELEMENTS (KOHA)
Source of classification or shelving scheme Dewey Decimal Classification
Koha item type Books
Holdings
Withdrawn status Lost status Source of classification or shelving scheme Damaged status Not for loan Home library Current library Shelving location Date acquired Vendor Name Cost, normal purchase price Volume Information (Serial or Books or Non-Book Material) SGTU Bill Number Total Checkouts Full call number Accession No. (Barcode) Date last seen Bill Date Koha item type
    Dewey Decimal Classification     SGT Dental Library SGT Dental Library Reference Book 24/09/2016 ABC 6785.00 2 SGTU 6923   617.672,I08M FD7437 24/09/2016   Books